000 00637nam a2200265Ia 4500
005 20260306152950.0
008 008 260114s9999 xx 000 0 eng d
020 _a9781571138477
037 _aEBOOK
040 _aCRL
040 _beng
040 _cCRL
041 _2eng
041 _aeng
084 _qCRL
100 _aGöttsche
_91124382
245 0 _aRemembering Africa
250 _a1st ed
260 _bBoydell & Brewer
260 _c2013
650 _aAfrican Studies
856 _uhttps://www.cambridge.org/core/product/identifier/9781571138477/type/BOOK
942 _cEBOOK
999 _c1701661
_d1701661